Kpop Girl Group Members! - Statistics

General Stats
  • This quiz has been taken 221 times
    106 since last reset
  • The average score is 66 of 181
Answer Stats
Hint Answer % Correct
STAYC J
100%
BLACKPINK Jennie
99%
BLACKPINK Rose
99%
BLACKPINK Jisoo
98%
BLACKPINK Lisa
98%
TWICE Nayeon
97%
TWICE Jihyo
95%
TWICE Momo
94%
TWICE Sana
94%
TWICE Tzuyu
94%
TWICE Mina
93%
TWICE Chaeyoung
91%
TWICE | tripleS Dahyun
91%
TWICE Jeongyeon
86%
ITZY Yeji
86%
ITZY Lia
84%
ITZY Ryujin
84%
ITZY Yuna
84%
(G)I-DLE Yuqi
80%
NMIXX Lily
79%
(G)I-DLE Minnie
79%
JANUARY | Yellow Bee Soye
79%
(G)I-DLE Soyeon
79%
(G)I-DLE Miyeon
78%
(G)I-DLE Shuhua
77%
ITZY Chaeryeong
76%
LE SSERAFIM | SATURDAY (former) | tripleS Chaewon
74%
LE SSERAFIM Sakura
74%
LE SSERAFIM Eunchae
72%
LE SSERAFIM Kazuha
72%
Red Velvet Irene
70%
LE SSERAFIM Yunjin
70%
NMIXX Bae
68%
NMIXX Haewon
68%
NMIXX | tripleS Jiwoo
68%
Red Velvet Wendy
68%
LOONA Chuu
67%
Red Velvet Joy
67%
NMIXX (former) Jinni
66%
NMIXX Kyujin
66%
Red Velvet Seulgi
66%
(G)I-DLE (former) | Weeekly Soojin
66%
NMIXX Sullyoon
64%
Red Velvet Yeri
60%
LOONA Yves
57%
STAYC Yoon
54%
STAYC Isa
53%
LOONA Kim Lip
53%
LOONA Hyunjin
52%
LOONA Choerry
51%
STAYC Seeun
51%
STAYC Sieun
51%
LOONA Vivi
49%
STAYC Sumin
47%
LOONA Heejin
46%
LOONA Jinsoul
46%
LOONA Gowon
45%
BILLLIE Moon Sua
45%
BILLLIE Tsuki
45%
LOONA Haseul
44%
LOONA Yeojin
44%
LOONA Hyeju
43%
tripleS Chaeyeon
41%
tripleS Sohyun
40%
tripleS Kotone
39%
tripleS Nakyoung
38%
tripleS Xinyu
37%
tripleS Yooyeon
37%
tripleS Seoyeon
36%
tripleS Lynn
33%
tripleS Nien
33%
tripleS Mayu
32%
tripleS Yeonji
32%
tripleS Kaede
31%
tripleS Shion
31%
tripleS Sullin
30%
tripleS Yubin
30%
BADVILLAIN Emma
29%
BILLLIE Haram
29%
tripleS Hyerin
29%
FAINIT SeoA
29%
NATURE Haru
28%
Purple Kiss Swan
28%
3YE Yuji
28%
tripleS Hayeon
26%
Purple Kiss (former) | YOUNG POSSE Jieun
26%
SATURDAY | tripleS Jiyeon
26%
tripleS Joobin
26%
Weeekly Monday
26%
tripleS Seoah
26%
tripleS Soomin
26%
BILLLIE Haruna
25%
BADVILLAIN Chloe
24%
BILLLIE Sheon
24%
Purple Kiss Yuki
23%
Purple Kiss Dosie
21%
YOUNG POSSE Doeun
20%
BILLLIE Siyoon
20%
Purple Kiss Chaein
18%
Purple Kiss Goeun
18%
YOUNG POSSE Jiana
18%
BILLLIE Suhyeon
18%
HI CUTIE Yujin
18%
BADVILLAIN Hue
17%
YOUNG POSSE Sunhye
17%
BADVILLAIN Ina
16%
Purple Kiss Ireh
16%
Weeekly (former) Jiyoon
16%
BADVILLAIN Kelly
16%
Weeekly Soeun
16%
PIXY Sua
15%
BADVILLAIN Vin
15%
YOUNG POSSE Yeonjung
15%
BADVILLAIN Yunseo
15%
Weeekly Zoa
15%
Weeekly Jaehee
14%
Weeekly Jihan
14%
NATURE Lu
14%
PIXY (former) Ella
10%
NATURE Sohee
10%
NATURE Aurora
9%
3YE | Q6ix Haeun
9%
NATURE Sunshine
9%
NATURE Uchae
9%
3YE Yurim
9%
NATURE Chaebin
7%
SATURDAY (former) Chohee
7%
NATURE (former) Gaga
7%
SATURDAY (former) Haneul
7%
SATURDAY (former) Juyeon
7%
NATURE Loha
7%
PIXY Lola
7%
SATURDAY Minseo
7%
NATURE Saebom
7%
SATURDAY (former) Sion
7%
SATURDAY (former) Sunha
7%
PIXY Dajeong
6%
PIXY Dia
6%
ARVVY (former) Harin
6%
PIXY Rinji
6%
PIXY (former) Satbyeol
6%
JANUARY | Yellow Bee Annie
5%
Yellow Bee Ari
5%
Yellow Bee (former) Berry
5%
Yellow Bee (former) Boyeon
5%
ARVVY Chaeeun
5%
Q6ix Chaehee
5%
HI CUTIE (former) Chaerin
5%
ARVVY Chuurry
5%
HI CUTIE (former) Eungi
5%
ARVVY Gahyun
5%
Q6ix Hyunjoo
5%
FAINIT Jinseo
5%
FAINIT Liha
5%
FAINIT Meanu
5%
SATURDAY Minji
5%
ARVVY Moe
5%
Yellow Bee (former) Rozy
5%
JANUARY | Yellow Bee Ryuhee
5%
Yellow Bee Seolha
5%
Yellow Bee (former) Seona
5%
Yellow Bee (former) Somee
5%
NATURE (former) Yeolmae
5%
HI CUTIE (former) Eunjeong
3%
JANUARY Hyunyoung
3%
Q6ix (former) Jaeeun
3%
Q6ix (former) Yeonjeong
3%
HI CUTIE Yunjeong
3%
HI CUTIE (former) Hayoung
2%
FAINIT Idam
2%
No matching quizzes found
Score Distribution
Percent of People with Each Score
Percentile by Number Answered
Your Score History
You have not taken this quiz since the last reset